000 00720cam a22002531 4500
001 sa 63002618
003 DLC
005 20260227111935.0
008 890601s1962 ii c b 000 0 hino
010 _asa 63002618
035 _a(OCoLC)19795039
040 _aDLC
_cWaU
_dDLC
042 _apremarc
043 _aa-ii---
050 0 0 _aPK2916.J33
_bG8
100 1 _aGupta, Prem Swarup.
245 1 0 _aRasagaṅgādhara kā śāstrīya adhyayana.
260 _c[1962]
300 _a3, 3, 13, 7, 351, 7 p.
_bport.
_c25 cm.
500 _aIn Hindi.
504 _aBibliography: p. 1-7 (last group)
600 0 0 _aJagannātha Paṇḍitarāja.
_tRasagaṅgādhara.
650 0 _aSanskrit poetry
_xHistory and criticism.
999 _c54560
_d54560